Lord of the Rings: Close-up Quiz Stats

Quiz Updated Feb 21, 2013

Challenge
Share
Tweet
Score 0/20 Timer 05:00
7 Plays Today
# Lord of the Rings Things % Correct
1Gandalf (the White)
97.5%
5Gollum
94.4%
18The One Ring
91.5%
19Eye of Sauron
88.6%
15Legolas
86.1%
12Gimli
85.9%
2Treebeard
85.8%
17Orc
74.8%
7Shadowfax
74.7%
13Nazgul
69.5%
# Lord of the Rings Things % Correct
9Shelob
64.8%
3Balrog
63.4%
6Lembas bread
62.4%
16Minas Tirith
57.7%
14Warg
50.8%
20J.R.R. Tolkien
48.1%
8Isengard (Tower of Orthanc)
45.1%
10Oliphaunt
42.5%
11Prancing Pony
42.4%
4Phial of Galadriel
26.4%

You're not logged in!

Compare scores with friends on all Sporcle quizzes.
Sign Up with Email
OR
Log In

You Might Also Like...

Show Comments

Extras

Top Quizzes Today


Score Distribution

Your Account Isn't Verified!

In order to create a playlist on Sporcle, you need to verify the email address you used during registration. Go to your Sporcle Settings to finish the process.